Biomaterials (Record no. 4267)
[ view plain ]
| 000 -LEADER | |
|---|---|
| fixed length control field | 00507cam a22001454a 4500 |
| 020 ## - ISBN | |
| International Standard Book Number | 0849314917 (alk. paper) |
| 050 #4 - LIBRARY OF CONGRESS CALL NUMBER | |
| Classification Number | R857.M3 |
| Item Number | P37 2002 |
| 050 #4 - LIBRARY OF CONGRESS CALL NUMBER | |
| Classification Number | R857.M3P375 2002 |
| 245 00 - TITLE | |
| Title | Biomaterials |
| Medium | [electronic resource] : |
| Remainder of title | principles and applications / |
| Statement of responsibility, etc | edited by Joon B. Park and Joseph D. Bronzino. |
| 260 ## - PUBLICATION, DISTRIBUTION, ETC.(IMPRINT) | |
| Place of publication, distribution, etc | Boca Raton : |
| Name of publisher, distributor, etc | CRC Press, |
| Date of publication, distribution, etc | c2002. |
| 700 1# - ADDED ENTRY--PERSONAL AUTHOR | |
| Personal Name | Park, Joon Bu. |
| 700 1# - ADDED ENTRY--PERSONAL AUTHOR | |
| Personal Name | Bronzino, Joseph D., |
| 856 40 - URL/ELECTRONIC LOCATION AND ACCESS | |
| Uniform Resource Identifier | <a href="http://www.columbia.edu/cgi-bin/cul/resolve?clio7935312">http://www.columbia.edu/cgi-bin/cul/resolve?clio7935312</a> |
| 942 ## - ADDED ENTRY ELEMENTS(KOHA) | |
| Source of classification or shelving scheme | Library of Congress Classification |
| Koha item type | General circulation |
| Source of classification or shelving scheme | Not for loan | Location (home branch) | Sublocation (holding branch) | Shelving location | Date accessioned | Full call number | Barcode | Koha item type | Public note |
|---|---|---|---|---|---|---|---|---|---|
| Library of Congress Classification | Main Campus Library | Main Campus Library | 25/06/2015 | R857.M3 .P37 2002 | 2015/000717 | General circulation | amm |